Topology (Record no. 616302)

000 -LEADER
fixed length control field 00356nam a22001457a 4500
020 ## - INTERNATIONAL STANDARD BOOK NUMBER
International Standard Book Number 978-969*7341-82-5
040 ## - CATALOGING SOURCE
Transcribing agency Oxford
082 ## - DEWEY DECIMAL CLASSIFICATION NUMBER
Classification number 514
Author Mark M9521 P
100 ## - MAIN ENTRY--PERSONAL NAME
Personal name Muhammad Noor
9 (RLIN) 16031
245 ## - TITLE STATEMENT
Title Topology
Remainder of title for beginners
250 ## - EDITION STATEMENT
Edition statement 1st ed.
260 ## - PUBLICATION, DISTRIBUTION, ETC.
Place of publication, distribution, etc. Karachi
Name of publisher, distributor, etc. Oxford University Press
Date of publication, distribution, etc. 2022
300 ## - PHYSICAL DESCRIPTION
Extent XV, 194p.
Dimensions 26cm.
942 ## - ADDED ENTRY ELEMENTS (KOHA)
Source of classification or shelving scheme
Koha item type Book
Holdings
Withdrawn status Lost status Source of classification or shelving scheme Damaged status Not for loan Permanent Location Current Location Date acquired Source of acquisition Full call number Barcode Date last seen Price effective from Koha item type
          School of Chemical & Materials Engineering (SCME) School of Chemical & Materials Engineering (SCME) 02/18/2026 Donated by Pro Rector Sectriate 514 M9521 T SCME-D330 02/18/2026 02/18/2026 Book
© 2023 Central Library, National University of Sciences and Technology. All Rights Reserved.